| 000 | 00453nam a22001577a 4500 | ||
|---|---|---|---|
| 003 | macl | ||
| 005 | 20190306130607.0 | ||
| 008 | 190306b xxu||||| |||| 00| 0 eng d | ||
| 040 | _cmacl | ||
| 082 | _a300 | ||
| 100 |
_aपुष्पा मैत्रेयी _953396 |
||
| 245 | _aआवाज | ||
| 260 |
_aदिल्ली _bसामयिक प्रकाशन _c2012 |
||
| 650 |
_aरचनावली _9163 |
||
| 942 |
_2ddc _cHIN |
||
| 999 |
_c58991 _d58991 |
||